Bowlers Who Have Taken 7 Wickets in an ODI Innings (cricket) - Statistics

General Stats
  • This quiz has been taken 156 times
  • The average score is 9 of 19
Answer Stats
Season For Answer % Correct
2000-01 7-30 SL Muttiah Muralitharan
87%
2001-02 8-19 SL Chaminda Vaas
83%
2002-03 7-15 Aus Glenn McGrath
83%
2001 7-36 Pak Waqar Younis
73%
1984-85 6-14 Pak Imran Khan
70%
1993-94 6-12 Ind Anil Kumble
62%
2002-03 7-20 Aus Andy Bichel
48%
2013-14 7-12 Pak Shahid Afridi
46%
2008-09 6-13 SL Ajantha Mendis
45%
2002-02 6-16 Pak Shoaib Akhtar
45%
2005-06 6-19 NZ Shane Bond
44%
2013-14 6-4 Ind Stuart Binny
42%
1991-92 7-37 Pak Aaqib Javed
27%
1975 6-14 Aus Gary Gilmour
21%
1980-81 6-15 WI Colin Croft
18%
1999-00 6-18 Pak Azhar Mahmood
17%
1983 7-51 WI Winston Davis
17%
1999-00 6-19 Zim Henry Olonga
14%
2006-07 6-14 SL Farveez Maharoof
13%
No matching quizzes found
Score Distribution
Percent of People with Each Score
Percentile by Number Answered
Your Score History
You have not taken this quiz